00777nam a2200193 i 450000100060000000300090000600500170001500700030003200800410003510000270007624501700010326000480027330000350032170000270035670000310038385200310041499900170044595201210046286928ES-MaACL20230906175543.0t|041216s1948 ag ||||1| spa d1 aKolthoff, I. M.96853510aTratado de Química analítica cuantitativa general e inorgánica /cpor I.M. Kolthoff y E.B. Sandell ; traducción de la 2ª ed. inglesa por Carlos E. Prélat. aBuenos Aires : bNigar, c[1948] (fBalmes) aXXI, 939 p. : bil. ; c24 cm.1 aSandell, E. B.91030711 aPrélat, Carlos E.993748 aES-MaACLjF-5226 bR.26965 c86928d86928 00104070aATENEOMbATENEOMcDEPO2d2008-01-17eSCl0oF-5226p1090825r2023-02-23 00:00:00w2023-02-23yMONOGRAFIA